| 000 | 00689nam a22002177a 4500 | ||
|---|---|---|---|
| 003 | 0 | ||
| 005 | 20241112160841.0 | ||
| 008 | 241112b xxu||||| |||| 00| 0 eng d | ||
| 020 | _a0-439-79395-5 | ||
| 082 |
_aFIC _bP924 2006 |
||
| 100 | _aPreller, James | ||
| 245 |
_aThe case of the snowboarding superstar _cJames Preller; illustrated by Jamie Smith. |
||
| 260 |
_aNew York, NY : _bScholastic Inc., _cc2006. |
||
| 300 |
_a71 p. : _bill. ; _c20 cm. |
||
| 440 |
_aJigsaw Jones mystery ; _n#29 |
||
| 650 |
_aPrivate investigators _vJuvenile fiction. |
||
| 650 | _aMystery and detective stories. | ||
| 650 | _aMystery fiction | ||
| 700 |
_aSmith, James, _eillustrator. |
||
| 942 |
_2ddc _cBK |
||
| 999 |
_c366697 _d366697 |
||